00861nam a22002177a 450000500170000000800410001702000150005805000240007310000220009724000680011924501850018725000110037226000430038330000220042649000270044865000270047565000420050265000380054470000310058270000300061320220331113854.0220329b sp ||||| |||| 00| 0 spa d a849754004204aBF723.D3 bK76 20021 aKroen, William C.10aHelping children cope with the loss of a loved one. lEspañol10aComo ayudar a los niños a afrontar la pérdida de un ser querido : un manual para adultos /c William C. Kroen ; edicion a cargo de Pamela Espeland ; traducción de Nuria Marti a1a ed. aBarcelona, España : bOniro, c2002 a118 p. ; c23 cm.0 aUn manual para adultos 72lembaNiños y muerte 72lembaMuertexAspectos psicológicos 72lembaLutoxAspectos psicologicos1 aEspeland, Pamela, eeditor1 aMarti, Nuria, etraductor